Statistics for 大学名を含む駅名

Click here to take the quiz!

General Stats

  • This quiz has been taken 162 times
    (32 since last reset)
  • The average score is 29 of 73

Answer Stats

都道府県駅名備考% Correct
東京都東大前
87%
東京都明大前
73%
北海道北海道医療大学
73%
長野県大学前長野大学
70%
長崎県大学長崎県立大学
70%
滋賀県大学前びわこ学院大学
70%
東京都都立大学
70%
大阪府石橋阪大前
63%
東京都駒場東大前
63%
東京都学芸大学
63%
山梨県都留文科大学前
63%
和歌山県和歌山大学前
60%
大分県別府大学
60%
富山県富山大学前
60%
福岡県九大学研都市
57%
東京都駒沢大学
57%
鳥取県鳥取大学前
57%
埼玉県獨協大学前
57%
愛知県名古屋大学
53%
大阪府関大前
53%
千葉県女子大和洋女子大学
53%
大分県大分大学前
53%
神奈川県東海大学前
50%
北海道あいの里教育大
50%
京都府等持院・立命館大学衣笠キャンパス前
50%
東京都中央大学・明星大学
50%
福岡県福工大前
50%
京都府鍼灸大学前明治国際医療大学
47%
宮城県東北福祉大前
47%
新潟県新潟大学前
47%
神奈川県県立大学神奈川県立保健福祉大学
47%
福岡県福大前
47%
神奈川県羽沢横浜国大
43%
福岡県教育大前
43%
栃木県自治医大
40%
福岡県九産大前
40%
京都府京都精華大前
40%
愛知県徳重・名古屋芸大
40%
福岡県小波瀬西工大前
37%
京都府龍谷大前深草
37%
群馬県板倉東洋大前
37%
長崎県長崎大学
33%
大阪府柴原阪大前
33%
神奈川県六会日大前
33%
大阪府大阪教育大前
30%
愛知県芸大通愛知県立芸術大学
30%
福岡県九州工大前
30%
福岡県久留米大学前
30%
福井県福大前西福井
27%
大阪府箕面船場阪大前
27%
石川県野々市工大前金沢工業大学
27%
東京都大塚・帝京大学
27%
愛知県愛知大学前
27%
千葉県船橋日大前
27%
大阪府阪大病院前
23%
愛媛県愛大医学部南口
23%
神奈川県市大医学部
23%
栃木県宇都宮大学陽東キャンパス
23%
福岡県馬出九大病院前
23%
千葉県印旛日本医大
20%
福岡県箱崎九大前
20%
兵庫県鳴尾・武庫川女子大前
20%
長野県北新・松本大学前
17%
岩手県八木沢・宮古短大
17%
群馬県高崎商科大学前
13%
広島県修大協創中高前
13%
青森県弘前学院大前
13%
静岡県常葉大学前
13%
熊本県崇城大学前
10%
広島県山陽女学園前山陽女子短期大学
10%
広島県広大附属学校前
7%
長崎県大学病院
7%
京都府茶山・京都芸術大学
7%

Score Distribution

Percentile by Number Answered

Percent of People with Each Score

Your Score History

You have not taken this quiz since the last reset